Sociálna výpomoc v zákone o dani z príjmov
Použitie sociálneho fondu a plnenia zo sociálneho fondu v zákone o dani z príjmov.
Guardado en:
| Autor principal: | |
|---|---|
| Formato: | Capítulo de libro |
| Lenguaje: | eslovaco |
| Materias: | |
| Etiquetas: |
Sin Etiquetas, Sea el primero en etiquetar este registro!
|
MARC
| LEADER | 00000naa a2200000 4500 | ||
|---|---|---|---|
| 001 | 0216497 | ||
| 005 | 20231120130930.4 | ||
| 041 | 0 | |a slo | |
| 044 | |a SK | ||
| 245 | 1 | 0 | |a Sociálna výpomoc v zákone o dani z príjmov |c Ivana Valterová |
| 520 | |a Použitie sociálneho fondu a plnenia zo sociálneho fondu v zákone o dani z príjmov. | ||
| 610 | 2 | 0 | |a Slovensko |
| 610 | 2 | 0 | |a zákony |
| 610 | 2 | 0 | |a fond sociálny |
| 610 | 2 | 0 | |a pomoc sociálna |
| 610 | 2 | 0 | |a dane z príjmov |
| 100 | 1 | |a Valterová, Ivana | |